Krótki quiz o księżniczkach - Statystyki

Ogólne statystyki
  • Ten quiz został rozwiązany 37 razy
  • Średni wynik to 6 z 8
Statystyki odpowiedzi
Hint Odpowiedź % Poprawnych
Jaki kolor włosów ma księżniczka Arielka Czerwony
97%
Nazwa owocu którym zatruła się śnieżka Jabłko
97%
Co zgubił kopciuszek Pantofelek
97%
Co opuszczała z wieży roszpunka Włosy
94%
Jak nazywała się się siostra Elsy Anna
91%
Jakie zwierzę pocałowała Tiana Żabę
78%
Jaki zwierzę miała Jasmine z Aladyna Tygrysa
59%
Co dotknęła palcem Aurora Śpiąca królewna Wrzeciona
28%
Nie znaleziono quizów pasujących do podanych kryteriów
Rozkład punktacji
Procent ludzi z każdym wynikiem
Percentyl według liczby udzielonych odpowiedzi
Twoja historia wyników
Nie rozwiązałeś tego quizu